Normal view
MARC view
- Sidra Anwar-sup-Dr. Muhammad Tahir
Entry Personal Name
001 - CONTROL NUMBER
- control field: 28322
003 - CONTROL NUMBER IDENTIFIER
- control field: NUST
005 - DATE AND TIME OF LATEST TRANSACTION
- control field: 20200206123445.0
008 - FIXED-LENGTH DATA ELEMENTS
- fixed length control field: 200206|| aca||aabn | a|a d
040 ## - CATALOGING SOURCE
- Original cataloging agency: NUST
- Transcribing agency: NUST
100 ## - HEADING--PERSONAL NAME
- Personal name: Sidra Anwar-sup-Dr. Muhammad Tahir
670 ## - SOURCE DATA FOUND
- Source citation: Work cat.: (NUST)480842: Sidra Anwar-sup-Dr. Muhammad Tahir, TH-MS-Characterization of Croton Infecting Begomovirus, Development of Binary Artifical microRNA Construcs and Infections Clone of Tomato leaf curl New Delhi Virus /, 2012
